| 000 | 03271nam a2200301 4500 | ||
|---|---|---|---|
| 003 | EC-UNACH | ||
| 005 | 20251117113333.0 | ||
| 006 | s||||gr|||| 00| 00 | ||
| 008 | 150116t9999 mx r gr 000 0 spa d | ||
| 020 | _a978-9942-10-246-1 | ||
| 040 |
_aEC-UNACH _cEC-UNACH |
||
| 041 | _aspa | ||
| 082 | 0 | 4 |
_223 _a348.02 _bL018328 |
| 110 | _aCorporación de estudios y publicaciones | ||
| 245 | _aEstudio introductorio del derecho ambiental nacional e internacional | ||
| 250 | _aPrimera edición | ||
| 264 |
_aEcuador _bCorporación de estudios y publicaciones _c2015 |
||
| 300 | _a146 | ||
| 505 | _aCAPÍTULO I APRECIACIONES INTRODUCTORIAS AL ESTUDIO DEL DERECHO AMBIENTAL 1.1.- El ambiente 1.2.- El medio ambiente como sujeto de derecho 1.3.- Tendencia moderna de la concepción del ambiente 1.4.- El desarrollo sostenible 1.5.- El desarrollo sustentable 1.6.- La vida, la naturaleza y el Derecho 1.7.- El Derecho y el cambio global CAPÍTULO II EL DERECHO AMBIENTAL ANALIZADO DESDE SU PERSPECTIVA ELEMENTAL 2.1.- Evolución del Derecho Ambiental 2.2.- Definiciones de Derecho Ambiental 2.3.- El rol del Derecho Ambiental 2.4.- Características del Derecho Ambiental 2.5.- Sujetos del Derecho Ambiental 2.6.- Fuentes del Derecho Ambiental CAPÍTULO III PANORAMA BÁSICO DEL DERECHO INTERNACIONAL AMBIENTAL EN SUS PRINCIPALES DECLARACIONES 3.1.- El derecho internacional del medio ambiente 3.2.- Fuentes del Derecho Internacional Ambiental 3.3.- Breve análisis de las principales cumbres internacionales en materia ambiental 3.3.1.- La conferencia de Estocolmo 3.3.2.- Carta Mundial de la Naturaleza 3.3.3.- Conferencia de Río de Janeiro 3.4.- Breve comparación de estos instrumentos 3.5.- Otros instrumentos internacionales: 3.5.1.- Conferencia de Johannesburgo del 2002 3.5.2.- Protocolo de kyoto 3.6.- Arbitraje y Conciliación 3.7.- Aportes de las ONGs CAPÍTULO IV IMPORTANCIA DE LA CULTURA Y EDUCACIÓN AMBIENTAL EN LA CONCIENCIA CIUDADANA 4.1.- El deber ambiental y el Derecho Ambiental 4.2.- La realidad y el concepto de la educación ambiental 4.3.- Objetivos de la educación ambiental 4.4.- La Educación y gestión ambiental 4.5.- La importancia de la educación ambiental 4.6.- Exposición de algunos parámetros para construir un proyecto educativo ambiental 4.7.- La educación ambiental en lo técnico y profesional y sugerencias de estrategias para la formación de docentes en materia ambiental 4.8.- Constitución Política de la República del Ecuador 1.998 y Legislación Ambiental aplicada en el Ecuador 4.9.- Constitución de la República del Ecuador 2008 y Código Orgánico Integral Penal- COIP. 4.10.- Derecho Penal Ambiental y Código Integral Penal – COIP en el Ecuador 4.11.- Análisis comparativo entre la legislación ambiental del Código Penal y el marco normativo del COIP. 4.11.1.- La Remisión de la norma frente al delito ambiental 4.11.2.- Código Integral Penal -COIP: Legislación Ambiental | ||
| 650 | _aEL AMBIENTE | ||
| 650 | _aEVOLUCIÓN DEL DERECHO AMBIENTAL | ||
| 650 | _aCARTA MUNDIAL DE LA NATURALEZA | ||
| 700 | _aDavid Sánchez Santillán | ||
| 942 |
_2ddc _c1 |
||
| 999 | _c14189 | ||